| 000 | 00568nam a2200181 i 4500 | ||
|---|---|---|---|
| 001 | 56424 | ||
| 003 | ES-MaACL | ||
| 007 | t| | ||
| 008 | 031009s1975 sp ||||1| spa d | ||
| 245 | 0 | 0 |
_aEcología _b: entorno técnico y biológico del hombre moderno / _cversión y adaptación por José Sagredo. |
| 260 |
_aMadrid : _bRioduero, _c[1975] |
||
| 300 |
_a214 p. : _bil. ; _c20 cm. |
||
| 490 | 1 | _aDiccionarios rioduero | |
| 700 | 1 |
_aSagredo, José. _9101452 |
|
| 830 | 0 |
_aDiccionarios rioduero _9182581 |
|
| 852 |
_aES-MaACL _jE-8460 _bR.92548 |
||
| 999 |
_c56424 _d56424 |
||